000
00239nam a2200097Ia 4500
008
240331s9999 xx 000 0 und d
082
_b
WEE
100
_a
Weerasinghe, S.G.M
245
0
_a
Munidasa Cumaratunga expository :
_b
volume 1
942
_c
L
999
_c
3467
_d
3467